00884cam a2200241u 45000010005000000030008000050050017000130080039000300350018000690400033000870410008001200820022001281000045001502450144001952500011003392600030003503000026003805040020004066500048004269420012004749990015004869520141005017851BD-RjUL20211208234503.0140116s1956 enk 001 0 eng a(BD-RjUL)7895 aDLCcCarPdDLCdBD-RjULbeng aeng a352.042bALL 19561 aAllen, Carleton Kemp,d1887-1966.91308600aLaw and orders :ban inquiry into the nature and scope of delegated legislation and executive powers in English law. /cCarleton Kemp Allen a2d ed. aLondon :bStevens,c1956. axxv, 482 p. ;b21 cm. aIncludes index. aDelegation of powerszGreat Britain.924487 2ddccBK c7851d7851 00102ddc40718NFICaRUCLbRUCLcreadingd1964-04-16eZeitlingerg45.00l0o352.042 ALL 1956r2014-01-16 00:00:00tC-1w2014-01-16yBK